| 000 | 00959ngm a22003370a 4500 | ||
|---|---|---|---|
| 001 | PT47761 | ||
| 003 | AR-LpoUNG | ||
| 005 | 20210202000028.0 | ||
| 007 | vd cvaizq | ||
| 008 | 191001s2011||||ag |||||||||||||||||spa d | ||
| 037 | _c$2,50 | ||
| 040 |
_aAR-LpoUNG _bspa _cAR-LpoUNG _eaacr |
||
| 041 | _aspa | ||
| 044 | _aag | ||
| 082 | 0 | _a784.188 85 119min | |
| 245 | 1 | 0 | _aMinas de tango |
| 260 |
_aBuenos Aires : _bLas del Abasto, _c2011. |
||
| 300 | _aDVD (90 min.) : son., col. | ||
| 520 | _aDesde siempre hubo mujeres, que con su producción, su interpretación, su composición, su autoría; con la inspiración son capaces de generar y dar sentido a este género. | ||
| 650 | 4 | _aARGENTINA | |
| 650 | 4 | _aMUJERES | |
| 650 | 4 | _aMUSICA | |
| 650 | 4 | _aPARTICIPACION DE LA MUJER | |
| 653 | _aCINE ARGENTINO | ||
| 653 | _aDOCUMENTALES | ||
| 653 | _aDVD | ||
| 653 | _aVIDEOS | ||
| 710 | 2 | _aLas del Abasto | |
| 905 | _a47761 | ||
| 942 | _cDVD | ||
| 999 |
_c53976 _d53976 |
||